| Tag |
First Indicator |
Second Indicator |
Subfields |
| LEADER |
00000cam a2200000Ia 4500 |
| 001 |
in00002098549 |
| 005 |
20190326104006.0 |
| 006 |
m d |
| 007 |
cr cnu---unuuu |
| 008 |
050829s2005 enka s 001 0 eng d |
| 020 |
|
|
|a 1423722752 (electronic bk.)
|
| 035 |
|
|
|a (OCoLC)ocm61372154
|
| 040 |
|
|
|a N$T
|c N$T
|d UtOrBLW
|
| 049 |
|
|
|a IICN
|
| 050 |
1 |
4 |
|a TS156.8
|b A47 2005eb
|
| 082 |
0 |
4 |
|a 620.00115
|2 22
|
| 100 |
1 |
|
|a Altmann, Wolfgang.
|
| 245 |
1 |
0 |
|a Practical process control for engineers and technicians /
|c Wolfgang Altmann ; contributing author, David Macdonald.
|
| 264 |
|
1 |
|a Oxford :
|b Newnes,
|c 2005.
|
| 300 |
|
|
|a xii, 290 pages :
|b illustrations ;
|c 27 cm.
|
| 336 |
|
|
|a text
|b txt
|2 rdacontent
|
| 337 |
|
|
|a computer
|b c
|2 rdamedia
|
| 338 |
|
|
|a online resource
|b cr
|2 rdacarrier
|
| 490 |
1 |
|
|a Practical professional books from Elsevier
|
| 500 |
|
|
|a Includes index.
|
| 533 |
|
|
|a Electronic reproduction.
|b Boulder, Colo. :
|c NetLibrary,
|d 2005.
|n Available via World Wide Web.
|n Access may be limited to NetLibrary affiliated libraries.
|n Series statement not found on e-book.
|
| 500 |
|
|
|a Electronic resource.
|
| 650 |
|
0 |
|a Process control.
|
| 650 |
|
0 |
|a Production engineering.
|
| 655 |
|
7 |
|a Electronic books.
|2 local
|
| 700 |
1 |
|
|a Macdonald, Dave,
|d 1942-
|
| 710 |
2 |
|
|a NetLibrary, Inc.
|
| 776 |
1 |
|
|c Original
|z 0750664002
|w (OCoLC)56463852
|
| 830 |
|
0 |
|a Practical professional books from Elsevier.
|
| 856 |
4 |
0 |
|u http://proxy.library.tamu.edu/login?url=http://www.netLibrary.com/urlapi.asp?action=summary&v=1&bookid=130230
|z Connect to the full text of this electronic book
|t 0
|
| 994 |
|
|
|a 92
|b IIC
|
| 999 |
|
|
|a MARS
|
| 999 |
f |
f |
|s 0f2c3ac9-7a19-36cb-a51e-b02d150bf672
|i 5e9c180c-1063-358d-8ab0-bbe663cd69ca
|t 0
|
| 952 |
f |
f |
|a Texas A&M University
|b College Station
|c Electronic Resources
|d Available Online
|t 0
|e TS156.8 A47 2005eb
|h Library of Congress classification
|
| 998 |
f |
f |
|a TS156.8 A47 2005eb
|t 0
|l Available Online
|